书目信息 |
| 题名: |
有限单元法基本原理和数值方法
|
|
| 作者: | 王勖成 编著 | |
| 分册: | ||
| 出版信息: | 北京 清华大学出版社 1997.03 |
|
| 页数: | 568页 | |
| 开本: | 16开 | |
| 丛书名: | ||
| 单 册: | ||
| 中图分类: | ||
| 科图分类: | ||
| 主题词: | 计算数学 | |
| 电子资源: | ||
| ISBN: | 7-302-02421-9 | |
| 000 | 00649nam0 2200217 45 | |
| 001 | 9911301612 | |
| 005 | 20001115033732.2 | |
| 010 | @a7-302-02421-9@d29.80元 | |
| 100 | @a19991130d1997 km y0chiy0120 ea | |
| 101 | @achi | |
| 105 | @a z 000yy | |
| 200 | 1 | @a有限单元法基本原理和数值方法@AYou Xian Dan Yuan FaJi Ben Yuan Li He Shu Zhi Fang Fa@f王勖成,邵敏编著@FWang Xu Cheng,Shao Min Bian Zhu |
| 205 | @a2 | |
| 210 | @a北京@c清华大学出版社@d1997.03 | |
| 215 | @a568页@d16开 | |
| 606 | 0 | @a计算数学 |
| 690 | @v3 | |
| 690 | @aO242.21@v3 | |
| 701 | @a王勖成@4编著 | |
| 801 | @aCN@bPFTUser@c19991130 | |
| 905 | @dO242.21@eW116=2@b407263-272@f10 | |
| 有限单元法基本原理和数值方法/王勖成,邵敏编著.-2.-北京:清华大学出版社,1997.03 |
| 568页;16开 |
| ISBN 7-302-02421-9:29.80元 |
| ● |
| 相关链接 |
|
|
|
正题名:有限单元法基本原理和数值方法
索取号:O242.21/W116=2
 
预约/预借
| 序号 | 登录号 | 条形码 | 馆藏地/架位号 | 状态 | 备注 |
| 1 | 407263 | 204072635 | 自科库401/401自科库 50排1列2层/ [索取号:O242.21/W116=2] | 在馆 | |
| 2 | 407264 | 204072644 | 自科库401/401自科库 50排1列2层/ [索取号:O242.21/W116=2] | 在馆 | |
| 3 | 407265 | 204072653 | 自科库401/401自科库 50排1列2层/ [索取号:O242.21/W116=2] | 在馆 | |
| 4 | 407266 | 204072662 | 自科库401/401自科库 50排1列2层/ [索取号:O242.21/W116=2] | 在馆 | |
| 5 | 407267 | 204072671 | 自科库401/401自科库 50排1列2层/ [索取号:O242.21/W116=2] | 在馆 | |
| 6 | 407268 | 204072680 | 自科库401/401自科库 50排1列2层/ [索取号:O242.21/W116=2] | 在馆 | |
| 7 | 407269 | 204072699 | 自科库401/401自科库 50排1列2层/ [索取号:O242.21/W116=2] | 在馆 | |
| 8 | 407270 | 204072706 | 自科库401/401自科库 50排1列2层/ [索取号:O242.21/W116=2] | 在馆 | |
| 9 | 407271 | 204072715 | 自科库401/401自科库 50排1列2层/ [索取号:O242.21/W116=2] | 在馆 | |
| 10 | 407272 | 204072724 | 自科二线504/504自科库 49排2列6层/ [索取号:O242.21/W116=2] | 在馆 |